000 00694nam a22002175i 4500
001 168537
003 ES-MaACL
005 20250725062548.0
008 080417s1972 sp |||| | spa d
080 _a53(075.8)
080 _a54(075.8)
100 1 _aMacKowiak, J.
_9137623
245 1 0 _aFisico-química para metalúrgicos /
_cJ. Mackowiak ; [traducción por Federico Fernández Castillejo].
260 _aMadrid :
_bTecnos,
_c[1972]
300 _a325 p. :
_bil. ;
_c24 cm.
650 0 7 _aFísica
_2embne
_912877
650 0 7 _aQuímica
_2embne
_916625
700 1 _aFernández de Castillejo, Federico.
_949636
852 _aES-MaACL
_jC-42972
_983111
999 _c168537
_d168537